000 00622nam a2200169Ia 4500
003 GCL
008 140319s9999 xx 000 0 ara d
040 _aGCL /
_cGCL
082 0 4 _aق
_b962.054
_bا م
100 1 _aاحمد امين العطار
245 1 0 _aمصر بين الملك والصعاليك فى الاسلام والوطنية (1936 - 1992) /
_cاحمد امين العطار
300 _a287 ص
490 _aحكايات المصاطب من هنا وهناك
_v0
650 0 4 _aالسياسة الخارجية
650 0 4 _aمصر - تاريخ - العصر الحديث (1805 - 1956 )
942 _2ddc
_cBK
999 _c43606
_d43606